LEADER 01073nam0-22003491i-450- 001 990007893710403321 005 20040608083515.0 035 $a000789371 035 $aFED01000789371 035 $a(Aleph)000789371FED01 035 $a000789371 100 $a20040608f19659999km-y0itay50------ba 101 2 $alat$aita 102 $aIT 105 $a---------001yy 200 1 $aCommedie$fPublio Terenzio Afro$gtesto latino, introduzione e versione di Azella Arici 210 $aBologna$cZanichelli$dstampa 1965 215 $a2 v.$d20 cm 225 1 $aPoeti di Roma 300 $aTesto orig. a fronte 327 0 $a1.:La donna di Andro. La suocera. Il puntore di se stesso 610 0 $aTerenzio Afro Publio$aCommedie 676 $a878 700 1$aTerentius Afer,$bPublius$f$0152516 702 1$aArici,$bAzelia 801 0$aIT$bUNINA$gRICA$2UNIMARC 901 $aBK 912 $a990007893710403321 952 $aP2B-640-ZANICH.-TERENTIUS AF.-409A(1)-1965$bBibl.41112$fFLFBC 959 $aFLFBC 996 $aComoediae$913724 997 $aUNINA LEADER 02711nam0 2200541 i 450 001 CFI0127829 005 20251003044124.0 010 $a8802041415 020 $aIT$b90-6226 100 $a19900720d1987 ||||0itac50 ba 101 | $aita 102 $ait 181 1$6z01$ai $bxxxe 182 1$6z01$an 200 1 $aFilippo Turati$fRenato Monteleone 210 $aTorino$cUnione tipografico-editrice torinese$d©1987 215 $aXII, 583 p., [16] c. di tav.$cill.$d24 cm. 225 | $aˆLa ‰vita sociale della nuova Italia$v36 312 $aTit. in cop.: Turati$9CFI0127831 410 0$1001CFI0039111$12001 $aˆLa ‰vita sociale della nuova Italia$v36 517 1 $aTurati. -$9CFI0127831 606 $aTurati, Filippo$xBiografia$2FIR$3CFIC018666$9I 676 $a320.531092$9$v21 676 $a324.245074092$9Partito socialista italiano. Persone$v12 676 $a324.245074092$9PARTITI MODERNI ITALIANI. PARTITI SOCIALISTI. Persone$v21 676 $a324.245074092$9Partiti italiani. Partiti socialisti. Persone$v22 676 $a324.2450740922$9PARTITI MODERNI ITALIANI. PARTITI SOCIALISTI. PERSONE COLLEGATE CON IL SOGGETTO$v19 676 $a324.2450740924$9PARTITI MODERNI ITALIANI. PARTITI SOCIALISTI. Singole persone$v19 676 $a920$9Biografia, genealogia, insegne$v14 676 $a923$9BIOGRAFIA. SOVRANI, UOMINI POLITICI, MILITARI, EDUCATORI, ETC.$v17 676 $a923.245$9Persone operanti nel campo della scienza politica e politica. Italia.$v21 676 $a945.091092$9STORIA D'ITALIA. REGNO DI VITTORIO EMANUELE III, 1900-1946. Persone$v20 700 1$aMonteleone$b, Renato$3CFIV002282$4070$0128580 801 3$aIT$bIT-000000$c19900720 850 $aIT-BN0095 $aIT-AV0001 $aIT-AV0003 $aIT-AV0007 $aIT-NA0070 $aIT-SA0199 $aIT-NA0120 $aIT-CE0127 $aIT-NA0230 $aIT-BN0052 $aIT-BN0015 $aIT-NA0097 901 $bNAP BU$c1 B $nPropedeutica. Formato cm. 20,1-28. 901 $bNAP SP$cF. PELL. $nFondo Pellicciari 901 $bNAP CO$cBIBLIOTECA$n$ 901 $bNAP AL$cVILLANI $n$ 901 $bNAP AV$cSEZ. M $nSezione Moderna 901 $bNAP AR$cP. CICCONE$nDONAZIONE 901 $bNAP CR$cFONDO $n$ 901 $bNAP CT$cSEZ.GEN. $n$ 912 $aCFI0127829 950 0$aBiblioteca Centralizzata di Ateneo$cv. 2-9;12-15;17-23;25-31;33-40$d 01COLL. ITA VITSDN$e 01AR 0070034585 VMA (0036 1 v.$fB $h20250611$i20250611 977 $a 01$a AL$a AR$a AV$a BU$a CO$a CR$a CT$a IR$a MG$a PB$a SP 996 $aFilippo Turati$9218153 997 $aUNISANNIO